000 00610nam a2200229Ia 4500
003 OSt
005 20221005121559.0
006 a|||||r|||| 00| 0
007 ta
008 221004b |||||||| |||| 00| 0 eng d
024 _a57063
037 _cTextual
040 _aCRL
_cCRL
_beng
041 _2eng
_aeng
082 _aV2:1:M9, D6.1-.2
100 _aKeene H G
245 0 _aHistory of India
_b From the earliest times to the end of the nineteenth century 2V.
260 _c1906
650 _aHISTORY
942 _hV2:1:M9, D6.1-.2
_cTEXL
_2cc
999 _c1041611
_d1041611